00425 2200169 4500001002100000005001500021035001900036245004800055100001600103300002600119260003700145082000700182084001300189020002100202990001600223990001600239INLIS00000000000287120260303072707$a 0010-0326000003$a Bulu Matamu: Padang Ilalang /$c Joko Pinurbo$a Joko Pinurbo$a 61 hlm ; $c 14 x 20 cm$a Yogyakarta :$b Diva Press,$c 2019$a 800$a 800 JOK b$a 978-602-391-791-4$a 116/2026 c.2$a 115/2026 c.1